000 00955nam a22001937a 4500
003 OSt
005 20260226031222.0
008 260226b |||||||| |||| 00| 0 eng d
040 _aDWCL GS library
_cOC
082 _aFic. D621m 2008
100 _aDixon, Franklin W.
245 _athe hard boys mystery stories 51
_b: the masked monkey
_cFranklin W. Dixon
260 _aNew York
_bGrosset & Dunlap, Inc
_cc1972
300 _a178
_billustrations
_c19cm
520 _aIn The Masked Monkey (#51), Frank and Joe Hardy travel to Brazil to locate the missing son of a wealthy industrialist. The brothers uncover a dangerous criminal organization specializing in identity alteration and face exotic threats, including a trained killer monkey. Key clues are provided by Chet Morton’s hobby of retrieving golf balls.
546 _aEnglish
700 _aFranklin W. Dixon
942 _2ddc
_cTEST
_hFic. D621m 2008
_n0
999 _c8551
_d8551